[Event "Gibtelecom ChallWk1 6th"]
[Site "Gibraltar"]
[Date "2008.01.26"]
[Round "5.22"]
[White "Mancini, Giustino"]
[Black "Gandrud, Vegar Koi"]
[Result "1-0"]
[WhiteElo "2020"]
[BlackElo "1819"]
[PlyCount "86"]
[EventDate "2008.01.22"]
[EventType "swiss"]
[EventRounds "5"]
[EventCountry "GGB"]
[SourceTitle "BritBase"]
[Source "www.saund.co.uk"]
[SourceDate "2018.02.10"]
[SourceVersion "1"]
[SourceVersionDate "2018.02.10"]
[SourceQuality "1"]

1. c4 Nf6 2. Nc3 c6 3. e4 d5 4. e5 Ne4 5. d4 Nxc3 6. bxc3 e6 7. Nf3 Be7 8. Bd3
dxc4 9. Bxc4 b5 10. Bd3 Bb7 11. O-O Nd7 12. Nd2 Nxe5 13. Bc2 Ng6 14. Qh5 Qd5
15. Qe2 Nf4 16. Qg4 Qg5 17. Qf3 Qh6 18. Nb3 Bd6 19. Kh1 g5 20. Bxf4 Bxf4 21. g3
Bc7 22. Nc5 g4 23. Qg2 O-O-O 24. Nxb7 Kxb7 25. a4 Qh3 26. Qxh3 gxh3 27. Be4 a6
28. Rfb1 Kb6 29. f4 h5 30. Kg1 h4 31. Kf2 hxg3+ 32. hxg3 f6 33. Ra2 e5 34. dxe5
fxe5 35. f5 Bd6 36. axb5 axb5 37. Rba1 Bc5+ 38. Ke2 Kc7 39. Ra6 Rh6 40. g4 Rg8
41. Kf3 h2 42. Kg3 Bb6 43. Rb1 Rgh8 {time} 1-0

[Event "Gibtelecom ChallWk1 6th"]
[Site "Gibraltar"]
[Date "2008.01.26"]
[Round "5.23"]
[White "Molina, Antonio"]
[Black "Getz, Nicolai"]
[Result "0-1"]
[WhiteElo "2011"]
[BlackElo "2019"]
[PlyCount "96"]
[EventDate "2008.01.22"]
[EventType "swiss"]
[EventRounds "5"]
[EventCountry "GGB"]
[SourceTitle "BritBase"]
[Source "www.saund.co.uk"]
[SourceDate "2018.02.10"]
[SourceVersion "1"]
[SourceVersionDate "2018.02.10"]
[SourceQuality "1"]

1. d4 Nf6 2. c4 e6 3. Nc3 Bb4 4. e3 Bxc3+ 5. bxc3 c5 6. Bd3 d6 7. e4 Nc6 8. Nf3
e5 9. d5 Ne7 10. Nh4 h6 11. O-O g5 12. Nf5 Nxf5 13. exf5 Qa5 14. Bd2 Bd7 15.
Rb1 O-O-O 16. Qb3 Qa6 17. f3 Rhe8 18. Rfe1 b6 19. Re3 Kc7 20. Bc2 Rb8 21. a4 h5
22. Ree1 Rg8 23. Ra1 Rbe8 24. Qa2 g4 25. fxg4 Rxg4 26. a5 b5 27. Bd3 bxc4 28.
h3 cxd3 29. hxg4 Nxg4 30. c4 Bxf5 31. Reb1 e4 32. Rb6 axb6 33. axb6+ Qxb6 34.
Ba5 Qxa5 35. Qxa5+ Kd7 36. Qa7+ Kd8 37. Qb7 Bd7 38. Ra7 Ne5 39. Kf2 Ke7 40. Qa6
Rb8 41. Qa2 Rb4 42. Ke3 Rxc4 43. Qa5 Ng4+ 44. Kf4 e3+ 45. Kg5 Nf6 46. Rxd7+
Nxd7 47. Qe1 e2 48. Kf5 Rd4 0-1

[Event "Gibtelecom ChallWk1 6th"]
[Site "Gibraltar"]
[Date "2008.01.26"]
[Round "5.24"]
[White "Reppen, Ellisiv"]
[Black "Larsson, Daniel"]
[Result "1/2-1/2"]
[WhiteElo "1918"]
[BlackElo "2003"]
[PlyCount "90"]
[EventDate "2008.01.22"]
[EventType "swiss"]
[EventRounds "5"]
[EventCountry "GGB"]
[SourceTitle "BritBase"]
[Source "www.saund.co.uk"]
[SourceDate "2018.02.10"]
[SourceVersion "1"]
[SourceVersionDate "2018.02.10"]
[SourceQuality "1"]

1. e4 e5 2. Nf3 Nc6 3. Bb5 a6 4. Ba4 Nf6 5. O-O b5 6. Bb3 Bb7 7. Re1 Bc5 8. c3
d6 9. d4 Bb6 10. h3 Qd7 11. dxe5 Nxe5 12. Nxe5 dxe5 13. Qxd7+ Nxd7 14. Be3 Bxe3
15. Rxe3 Nc5 16. Bc2 Rd8 17. Kf1 Ke7 18. Ke1 g5 19. Nd2 h5 20. Nb3 Nxb3 21.
Bxb3 g4 22. h4 Rh6 23. Rd1 Rhd6 24. Rxd6 cxd6 25. g3 f6 26. Ke2 Bc8 27. Bd5 Be6
28. Bxe6 Kxe6 29. Kd3 d5 30. exd5+ Rxd5+ 31. Kc2 f5 32. Rd3 Rxd3 33. Kxd3 Kd5
34. b3 a5 35. Ke3 a4 36. f3 gxf3 37. Kxf3 a3 38. Ke3 Kd6 39. Kf3 Kc5 40. Ke3
Kd5 41. Kf3 Kd6 42. Ke3 Kc5 43. Kd3 Kc6 44. Ke3 Kd5 45. Kf3 Kd6 1/2-1/2

[Event "Gibtelecom ChallWk1 6th"]
[Site "Gibraltar"]
[Date "2008.01.26"]
[Round "5.25"]
[White "Pendlebury, Ian G"]
[Black "Morris-Hill, Ray"]
[Result "1-0"]
[WhiteElo "1952"]
[BlackElo "2129"]
[PlyCount "101"]
[EventDate "2008.01.22"]
[EventType "swiss"]
[EventRounds "5"]
[EventCountry "GGB"]
[SourceTitle "BritBase"]
[Source "www.saund.co.uk"]
[SourceDate "2018.02.10"]
[SourceVersion "1"]
[SourceVersionDate "2018.02.10"]
[SourceQuality "1"]

1. d4 Nf6 2. Nf3 g6 3. c3 Bg7 4. Bg5 d5 5. Nbd2 O-O 6. e3 b6 7. Bd3 Bb7 8. Bxf6
exf6 9. O-O f5 10. c4 c6 11. cxd5 cxd5 12. g3 Nd7 13. Rc1 Nf6 14. Qa4 Qd6 15.
Ba6 Bxa6 16. Qxa6 Nd7 17. Rc2 h6 18. h4 Bf6 19. Kg2 g5 20. hxg5 hxg5 21. Rh1
Kg7 22. Qb7 Rfb8 23. Qc6 Qxc6 24. Rxc6 g4 25. Ne1 Nf8 26. Nd3 Ng6 27. Rhc1 Ne7
28. Rc7 Rd8 29. Nb1 Nc8 30. Nc3 Nd6 31. Nf4 Ne8 32. Rc6 Bg5 33. Ncxd5 Bxf4 34.
Nxf4 Nd6 35. Rc7 Rdc8 36. Rxc8 Rxc8 37. Rxc8 Nxc8 38. Kf1 Nd6 39. Ke2 Kf6 40.
Nd5+ Ke6 41. Nc3 Ne4 42. Nxe4 fxe4 43. Kd2 Kd5 44. Kc3 a6 45. Kb4 f6 46. a3 f5
47. a4 Kd6 48. Kc4 Kc6 49. d5+ Kd6 50. Kd4 a5 51. b3 1-0

[Event "Gibtelecom ChallWk1 6th"]
[Site "Gibraltar"]
[Date "2008.01.26"]
[Round "5.26"]
[White "Wheldon, Philip"]
[Black "Skage, Oystein Aagedal"]
[Result "1-0"]
[WhiteElo "2096"]
[BlackElo "1919"]
[PlyCount "93"]
[EventDate "2008.01.22"]
[EventType "swiss"]
[EventRounds "5"]
[EventCountry "GGB"]
[SourceTitle "BritBase"]
[Source "www.saund.co.uk"]
[SourceDate "2018.02.10"]
[SourceVersion "1"]
[SourceVersionDate "2018.02.10"]
[SourceQuality "1"]

1. e4 c5 2. Nf3 d6 3. Bb5+ Bd7 4. Bxd7+ Qxd7 5. O-O Nf6 6. Re1 Nc6 7. c3 e6 8.
d4 d5 9. e5 Ne4 10. Nbd2 Nxd2 11. Bxd2 Be7 12. Be3 c4 13. Bg5 b5 14. Qd2 a5 15.
Qf4 h6 16. Bxe7 Nxe7 17. Qg3 Nf5 18. Qh3 Rb8 19. g4 Ne7 20. a3 Ng6 21. Qg3 Qe7
22. h3 h5 23. Kg2 hxg4 24. hxg4 Nh4+ 25. Nxh4 Qxh4 26. Qxh4 Rxh4 27. Kg3 g5 28.
f4 Ke7 29. fxg5 Rbh8 30. g6 fxg6 31. Rg1 Rh2 32. Kf4 Rxb2 33. Kg5 Rb3 34. Rg3
Rh2 35. Kxg6 Rc2 36. Rh3 Rcxc3 37. Rh7+ Ke8 38. Kf6 Rxa3 39. Kxe6 Kf8 40. Rf7+
Kg8 41. Raf1 b4 42. R1f5 Rh3 43. Rg5+ Kh8 44. Kd7 b3 45. e6 b2 46. e7 Rhe3 47.
Re5 1-0

[Event "Gibtelecom ChallWk1 6th"]
[Site "Gibraltar"]
[Date "2008.01.26"]
[Round "5.27"]
[White "Jorgensen, Line Jin"]
[Black "Wynarczyk, Raymond"]
[Result "1-0"]
[WhiteElo "1867"]
[BlackElo "2039"]
[PlyCount "79"]
[EventDate "2008.01.22"]
[EventType "swiss"]
[EventRounds "5"]
[EventCountry "GGB"]
[SourceTitle "BritBase"]
[Source "www.saund.co.uk"]
[SourceDate "2018.02.10"]
[SourceVersion "1"]
[SourceVersionDate "2018.02.10"]
[SourceQuality "1"]

1. d4 d5 2. c4 Nc6 3. Nf3 Bg4 4. e3 e6 5. a3 Nf6 6. Nc3 Be7 7. cxd5 Nxd5 8. Bb5
O-O 9. h3 Bh5 10. O-O Nxc3 11. bxc3 Qd5 12. Be2 Na5 13. Qa4 b6 14. c4 Qc6 15.
Qc2 Qd6 16. Bd2 Nb7 17. Bd3 Bg6 18. e4 c5 19. d5 Rad8 20. e5 Qb8 21. Bxg6 fxg6
22. Ng5 exd5 23. Ne6 Qxe5 24. cxd5 Rxd5 25. Nxf8 Bd6 26. f4 Qd4+ 27. Kh1 Qxd2
28. Qb3 Na5 29. Qf3 Rd3 30. Qg4 Bxf8 31. Rad1 Qe3 32. Rde1 Qd4 33. Qe6+ Kh8 34.
f5 Qd5 35. fxg6 hxg6 36. Rxf8+ Kh7 37. Qc8 Kh6 38. Rh8+ Kg5 39. Qg4+ Kf6 40.
Rf8+ 1-0

[Event "Gibtelecom ChallWk1 6th"]
[Site "Gibraltar"]
[Date "2008.01.26"]
[Round "5.28"]
[White "Pettersen, Joar Gullestad"]
[Black "Helin, Mikael"]
[Result "1-0"]
[WhiteElo "2026"]
[BlackElo "1935"]
[PlyCount "171"]
[EventDate "2008.01.22"]
[EventType "swiss"]
[EventRounds "5"]
[EventCountry "GGB"]
[SourceTitle "BritBase"]
[Source "www.saund.co.uk"]
[SourceDate "2018.02.10"]
[SourceVersion "1"]
[SourceVersionDate "2018.02.10"]
[SourceQuality "1"]

1. d4 g6 2. c4 Bg7 3. Nc3 d6 4. e4 Nc6 5. Be3 e5 6. d5 Nce7 7. Bd3 f5 8. f3 Nf6
9. Nge2 c5 10. dxc6 bxc6 11. O-O a6 12. b4 f4 13. Bf2 g5 14. c5 d5 15. exd5
cxd5 16. Rc1 Rb8 17. Qa4+ Bd7 18. b5 axb5 19. Bxb5 Rxb5 20. Nxb5 O-O 21. Qb3
Qb8 22. Nd6 Qa8 23. Rb1 Bc6 24. Nc3 h5 25. Ncb5 Rb8 26. Nc7 Rxb3 27. Nxa8 Ra3
28. Nc7 d4 29. Ne6 Nd7 30. Nxg5 Nxc5 31. Rb8+ Bf8 32. Nc4 Rxa2 33. Nxe5 Rd2 34.
Nxc6 Nxc6 35. Rc8 Ne5 36. h4 Nc4 37. Rxc5 Bxc5 38. Ne4 Rxf2 39. Nxf2 d3 40. Rd1
d2 41. Kf1 Be7 42. Ke2 Bxh4 43. Nh3 Bg3 44. Rxd2 Nxd2 45. Kxd2 Kg7 46. Kd3 Kf6
47. Ke4 h4 48. Nxf4 Be1 49. Ne2 Kg5 50. Ng1 Ba5 51. Nh3+ Kh5 52. Kf5 Be1 53.
Nf4+ Kh6 54. Kg4 Bf2 55. Nd3 Bg3 56. Nc5 Kg6 57. Ne4 Bb8 58. Kxh4 Kf5 59. g3
Bc7 60. Nf2 Bd8+ 61. Kh3 Bb6 62. Kg2 Bc7 63. Nh3 Kg6 64. f4 Kh5 65. Kf3 Bb8 66.
Ng5 Bc7 67. Ne4 Bb8 68. g4+ Kh6 69. g5+ Kh5 70. Nf6+ Kg6 71. Kg4 Ba7 72. Ne4
Bd4 73. f5+ Kf7 74. Kf4 Bb2 75. Kg4 Kg7 76. Kh5 Kh7 77. Nc5 Kg7 78. Ne6+ Kh7
79. f6 Kh8 80. f7 Ba3 81. f8=Q+ Bxf8 82. Nxf8 Kg7 83. g6 Kg8 84. Kh6 Kh8 85.
Ne6 Kg8 86. g7 1-0

[Event "Gibtelecom ChallWk1 6th"]
[Site "Gibraltar"]
[Date "2008.01.26"]
[Round "5.29"]
[White "Husin, Axel"]
[Black "Munz, Jostein"]
[Result "1/2-1/2"]
[WhiteElo "2012"]
[BlackElo "1861"]
[PlyCount "36"]
[EventDate "2008.01.22"]
[EventType "swiss"]
[EventRounds "5"]
[EventCountry "GGB"]
[SourceTitle "BritBase"]
[Source "www.saund.co.uk"]
[SourceDate "2018.02.10"]
[SourceVersion "1"]
[SourceVersionDate "2018.02.10"]
[SourceQuality "1"]

1. e4 Nf6 2. Nc3 d5 3. e5 Ne4 4. Nf3 Bg4 5. Be2 e6 6. O-O Be7 7. d4 O-O 8. Bf4
c5 9. Nd2 Bxe2 10. Nxe2 Nxd2 11. Qxd2 cxd4 12. Nxd4 a6 13. c3 Qc7 14. Rfe1 Nc6
15. Rac1 Rac8 16. Nxc6 Qxc6 17. Be3 Rfd8 18. Bd4 Qc4 1/2-1/2

[Event "Gibtelecom ChallWk1 6th"]
[Site "Gibraltar"]
[Date "2008.01.26"]
[Round "5.30"]
[White "Joseph, Adrian P"]
[Black "Vasvari, Tamas"]
[Result "0-1"]
[WhiteElo "1958"]
[BlackElo "2174"]
[PlyCount "70"]
[EventDate "2008.01.22"]
[EventType "swiss"]
[EventRounds "5"]
[EventCountry "GGB"]
[SourceTitle "BritBase"]
[Source "www.saund.co.uk"]
[SourceDate "2018.02.10"]
[SourceVersion "1"]
[SourceVersionDate "2018.02.10"]
[SourceQuality "1"]

1. b3 e5 2. Bb2 Nc6 3. e3 d6 4. Nf3 Bg4 5. Be2 Nf6 6. a3 Be7 7. Ng5 Bf5 8. Nf3
Qd7 9. d3 h6 10. Nbd2 O-O 11. Nf1 Bh7 12. Ng3 Nd8 13. Rc1 c6 14. O-O Ne8 15.
Nd2 f5 16. f4 exf4 17. exf4 Bf6 18. Bxf6 Nxf6 19. Qe1 Re8 20. Qf2 Ne6 21. Rce1
Nd5 22. Nh5 Qf7 23. c4 Ndc7 24. Bd1 Bg6 25. Ng3 Qf6 26. Ne2 Qb2 27. Qg3 Qxd2
28. Qxg6 Qxd3 29. Rf3 Qd2 30. Ref1 Rf8 31. Ng3 Rf6 32. Qh5 Raf8 33. Kh1 Nd4 34.
R3f2 Qa5 35. c5 dxc5 0-1

[Event "Gibtelecom ChallWk1 6th"]
[Site "Gibraltar"]
[Date "2008.01.26"]
[Round "5.31"]
[White "Gravett, Alan D"]
[Black "Manetto, Luis"]
[Result "1-0"]
[WhiteElo "1869"]
[BlackElo "1592"]
[PlyCount "107"]
[EventDate "2008.01.22"]
[EventType "swiss"]
[EventRounds "5"]
[EventCountry "GGB"]
[SourceTitle "BritBase"]
[Source "www.saund.co.uk"]
[SourceDate "2018.02.10"]
[SourceVersion "1"]
[SourceVersionDate "2018.02.10"]
[SourceQuality "1"]

1. g3 g6 2. Bg2 Bg7 3. d4 d5 4. Nf3 Nf6 5. O-O O-O 6. Nbd2 Nc6 7. Re1 Bf5 8. c3
Re8 9. Nh4 Qd7 10. Nxf5 Qxf5 11. e4 dxe4 12. Nxe4 Nxe4 13. Bxe4 Qd7 14. Qb3
Rab8 15. Be3 e6 16. Rad1 Ne7 17. d5 b6 18. dxe6 Qxe6 19. Qxe6 fxe6 20. Rd7 Rbc8
21. Red1 Nf5 22. Bf4 e5 23. Bg5 Nd6 24. Bc6 Rf8 25. Be7 Rfe8 26. Bxd6 cxd6 27.
R7xd6 Re7 28. Ba4 g5 29. Bb3+ Kf8 30. Rd8+ Rxd8 31. Rxd8+ Re8 32. Rd7 Re7 33.
Rd8+ Re8 34. Rd5 Ke7 35. Kg2 Rd8 36. Rxd8 Kxd8 37. Kf3 Ke7 38. Ke4 Kf6 39. g4
h6 40. Bc4 a5 41. b4 axb4 42. cxb4 Bf8 43. a3 Bd6 44. Kd5 Ke7 45. Kc6 e4 46.
Kxb6 Bxh2 47. Bd5 e3 48. fxe3 Bg1 49. Kc6 Bxe3 50. b5 Kd8 51. b6 Kc8 52. a4 Bd2
53. Kb5 Be3 54. a5 1-0

[Event "Gibtelecom ChallWk2 6th"]
[Site "Gibraltar"]
[Date "2008.01.27"]
[Round "1.1"]
[White "Rosberg, Simon"]
[Black "Vinas Guerrero, Carlos A"]
[Result "1/2-1/2"]
[WhiteElo "2246"]
[BlackElo "2129"]
[PlyCount "129"]
[EventDate "2008.01.27"]
[EventType "swiss"]
[EventRounds "5"]
[EventCountry "GGB"]
[SourceTitle "BritBase"]
[Source "www.saund.co.uk"]
[SourceDate "2018.02.10"]
[SourceVersion "1"]
[SourceVersionDate "2018.02.10"]
[SourceQuality "1"]

1. d4 d5 2. c4 dxc4 3. Nf3 Nf6 4. e3 e6 5. Bxc4 c5 6. O-O a6 7. a4 Nc6 8. Nc3
cxd4 9. exd4 Be7 10. Re1 O-O 11. Bg5 Nb4 12. Ne5 Bd7 13. Qe2 Re8 14. Rad1 Nbd5
15. Rd3 Rc8 16. Rh3 g6 17. Qd2 Nxc3 18. bxc3 Ne4 19. Rxe4 Bxg5 20. f4 Bf6 21.
Bb3 Bc6 22. Re1 Rc7 23. Rd3 b5 24. axb5 axb5 25. Ra1 Be4 26. Re3 Bd5 27. Bd1
Ree7 28. Qb2 Ra7 29. Rxa7 Rxa7 30. Qxb5 Ra1 31. Re1 Qa8 32. Qf1 Bh4 33. g3 Bf6
34. Be2 Rxe1 35. Qxe1 Bh1 36. Bf1 Bd8 37. Qe3 Be4 38. Ng4 h5 39. Nf2 Bb7 40. h4
Qa3 41. Qd3 Bb6 42. Qb5 Qd6 43. Bg2 Bxg2 44. Kxg2 Qc7 45. Qd3 Qc6+ 46. Qf3 Qc4
47. Qd3 Qc6+ 48. Kh2 Qd6 49. Ne4 Qa3 50. Nf2 Ba5 51. c4 Qb2 52. Kg2 Be1 53. Qe3
Bd2 54. Qd3 Be1 55. Qe3 Bd2 56. Qe4 Bc3 57. d5 Bd4 58. Qf3 exd5 59. cxd5 Qa2
60. f5 Bxf2 61. Qxf2 Qxd5+ 62. Qf3 Qxf3+ 63. Kxf3 Kg7 64. Kf4 Kf6 65. Ke4
1/2-1/2

[Event "Gibtelecom ChallWk2 6th"]
[Site "Gibraltar"]
[Date "2008.01.27"]
[Round "1.2"]
[White "Skage, Oystein Aagedal"]
[Black "Urbina Perez, Juan Antonio"]
[Result "1/2-1/2"]
[WhiteElo "1919"]
[BlackElo "2241"]
[PlyCount "65"]
[EventDate "2008.01.27"]
[EventType "swiss"]
[EventRounds "5"]
[EventCountry "GGB"]
[SourceTitle "BritBase"]
[Source "www.saund.co.uk"]
[SourceDate "2018.02.10"]
[SourceVersion "1"]
[SourceVersionDate "2018.02.10"]
[SourceQuality "1"]

1. e4 c5 2. Nf3 d6 3. d4 cxd4 4. Nxd4 Nf6 5. Nc3 a6 6. Be3 e5 7. Nb3 Be6 8. f3
h5 9. Nd5 Nxd5 10. exd5 Bf5 11. Bd3 Bxd3 12. Qxd3 Be7 13. O-O-O Nd7 14. Nd2 Bg5
15. Ne4 Be7 16. h4 Qc7 17. Qb3 f5 18. Ng5 Bxg5 19. hxg5 O-O-O 20. Rd3 Kb8 21.
Rc3 Nc5 22. Bxc5 dxc5 23. Qc4 Rc8 24. Qd3 Qd7 25. Rd1 g6 26. d6 Rhe8 27. Qd5
Re6 28. Rxc5 Rxc5 29. Qxc5 e4 30. fxe4 Rxe4 31. b4 Re2 32. Kb1 Re8 33. Qd5
1/2-1/2

[Event "Gibtelecom ChallWk2 6th"]
[Site "Gibraltar"]
[Date "2008.01.27"]
[Round "1.3"]
[White "Fellousi, Abdelaziz"]
[Black "Hansen, Pal Andreas"]
[Result "1/2-1/2"]
[WhiteElo "2110"]
[BlackElo "2108"]
[PlyCount "74"]
[EventDate "2008.01.27"]
[EventType "swiss"]
[EventRounds "5"]
[EventCountry "GGB"]
[SourceTitle "BritBase"]
[Source "www.saund.co.uk"]
[SourceDate "2018.02.10"]
[SourceVersion "1"]
[SourceVersionDate "2018.02.10"]
[SourceQuality "1"]

1. e4 c5 2. Nf3 d6 3. d4 cxd4 4. Nxd4 Nf6 5. Nc3 a6 6. Bg5 e6 7. Qf3 Be7 8.
O-O-O Nbd7 9. Be2 Qa5 10. h4 Ne5 11. Qg3 Bd7 12. f4 Nc6 13. e5 dxe5 14. Nxc6
Bxc6 15. fxe5 Nd5 16. Nxd5 Bxg5+ 17. Qxg5 Bxd5 18. Rh3 Rc8 19. Ra3 Qb6 20. Qxg7
Rf8 21. Bd3 Qf2 22. Bxh7 Qxh4 23. g3 Qh2 24. Re3 Qf2 25. Ree1 Bxa2 26. Qg5 Bb3
27. Qd2 Qxd2+ 28. Rxd2 Bd5 29. Be4 Bxe4 30. Rxe4 Rg8 31. Rd3 Rh8 32. c3 Rh2 33.
Rd2 Rxd2 34. Kxd2 Ke7 35. Ke3 Rg8 36. Kf4 Kd7 37. Rc4 b6 1/2-1/2

[Event "Gibtelecom ChallWk2 6th"]
[Site "Gibraltar"]
[Date "2008.01.27"]
[Round "1.4"]
[White "Arnott, Jonathan W"]
[Black "Kandic, Milan"]
[Result "1/2-1/2"]
[WhiteElo "2117"]
[BlackElo "2238"]
[PlyCount "118"]
[EventDate "2008.01.27"]
[EventType "swiss"]
[EventRounds "5"]
[EventCountry "GGB"]
[SourceTitle "BritBase"]
[Source "www.saund.co.uk"]
[SourceDate "2018.02.10"]
[SourceVersion "1"]
[SourceVersionDate "2018.02.10"]
[SourceQuality "1"]

1. e4 d6 2. d4 Nf6 3. Nc3 e5 4. dxe5 dxe5 5. Qxd8+ Kxd8 6. Nf3 Bd6 7. Bg5 Be6
8. O-O-O Nc6 9. Nd5 Bxd5 10. Rxd5 Ne7 11. Bxf6 gxf6 12. Rd2 Rg8 13. g3 Rg4 14.
Bg2 Ke8 15. Re1 a5 16. Nh4 Rg5 17. Nf3 Rg8 18. Nh4 Ra7 19. Bh3 a4 20. a3 Ra6
21. Nf5 Nxf5 22. Bxf5 Ke7 23. h4 h6 24. Red1 b5 25. Bh3 Rb8 26. c3 Rc6 27. Kb1
Rcb6 28. Rd5 Rc6 29. Bf1 Rc5 30. f3 Rxd5 31. Rxd5 c6 32. Rd2 Rg8 33. Rg2 Bc5
34. Kc2 Rd8 35. Rd2 Rxd2+ 36. Kxd2 Bf2 37. g4 Kd6 38. c4 Kc5 39. cxb5 cxb5 40.
h5 b4 41. axb4+ Kxb4 42. Kc2 Kc5 43. Ba6 Kd4 44. Bc8 Ke3 45. Bf5 Be1 46. Kd1
Bb4 47. Kc2 Ke2 48. Bd7 Kxf3 49. Bf5 Ke3 50. Bh7 Be1 51. Bf5 Kf4 52. Kd3 Kg3
53. Kc4 Kf4 54. Kb5 Bc3 55. Kxa4 Bxb2 56. Kb5 Ke3 57. Kc6 Kf4 58. Kd7 Ba3 59.
Ke8 Kg5 1/2-1/2

[Event "Gibtelecom ChallWk2 6th"]
[Site "Gibraltar"]
[Date "2008.01.27"]
[Round "1.5"]
[White "Bigg, Andrew J"]
[Black "Gasik, Piotr"]
[Result "1-0"]
[WhiteElo "2231"]
[BlackElo "2103"]
[PlyCount "53"]
[EventDate "2008.01.27"]
[EventType "swiss"]
[EventRounds "5"]
[EventCountry "GGB"]
[SourceTitle "BritBase"]
[Source "www.saund.co.uk"]
[SourceDate "2018.02.10"]
[SourceVersion "1"]
[SourceVersionDate "2018.02.10"]
[SourceQuality "1"]

1. d4 Nf6 2. Nf3 g6 3. Nc3 d5 4. Bf4 c6 5. e3 Bg7 6. Be2 O-O 7. Ne5 Nbd7 8. h4
h5 9. f3 Nxe5 10. Bxe5 Be6 11. Qd2 Qd7 12. O-O-O b5 13. Rdg1 a5 14. g4 a4 15.
Bxf6 exf6 16. gxh5 gxh5 17. Bd3 f5 18. e4 f6 19. exd5 Bxd5 20. Nxd5 Qxd5 21.
Rxg7+ Kxg7 22. Rg1+ Kf7 23. Qh6 Ke7 24. Re1+ Kd7 25. Bxf5+ Qxf5 26. Qg7+ Kd6
27. Qe7+ 1-0

[Event "Gibtelecom ChallWk2 6th"]
[Site "Gibraltar"]
[Date "2008.01.27"]
[Round "1.6"]
[White "Tofte, Sondre Waage"]
[Black "Lyell, Mark"]
[Result "1/2-1/2"]
[WhiteElo "2108"]
[BlackElo "2221"]
[PlyCount "85"]
[EventDate "2008.01.27"]
[EventType "swiss"]
[EventRounds "5"]
[EventCountry "GGB"]
[SourceTitle "BritBase"]
[Source "www.saund.co.uk"]
[SourceDate "2018.02.10"]
[SourceVersion "1"]
[SourceVersionDate "2018.02.10"]
[SourceQuality "1"]

1. e4 e5 2. Nf3 Nc6 3. Bb5 f5 4. d4 fxe4 5. Bxc6 dxc6 6. Nxe5 Qh4 7. Nc3 Be6 8.
Qe2 O-O-O 9. Be3 Nf6 10. O-O-O Bd6 11. h3 Nd5 12. Qc4 Qe7 13. Qa4 Nxc3 14. bxc3
Bxe5 15. dxe5 a6 16. Rd4 Rxd4 17. cxd4 Qf7 18. Kb2 Rd8 19. a3 c5 20. dxc5 Qf5
21. Bd4 c6 22. Qb4 Qg5 23. g3 e3 24. h4 Qh5 25. fxe3 Qf3 26. Rg1 Rf8 27. Qb6
Qe4 28. Rb1 Qd5 29. Qb3 Qd7 30. Qd3 Qd5 31. Qb3 Qd7 32. Qd3 Qf7 33. Rd1 Qf3 34.
Bc3 Bd5 35. Qd4 Qxg3 36. Ba5 Qf3 37. c4 Qe2+ 38. Kc3 Rf2 39. cxd5 Qb2+ 40. Kc4
Qb5+ 41. Kc3 Qb2+ 42. Kc4 Qb5+ 43. Kc3 1/2-1/2

[Event "Gibtelecom ChallWk2 6th"]
[Site "Gibraltar"]
[Date "2008.01.27"]
[Round "1.8"]
[White "Havik, Victor"]
[Black "Schmidt, Ralf"]
[Result "1-0"]
[WhiteElo "2072"]
[BlackElo "2195"]
[PlyCount "93"]
[EventDate "2008.01.27"]
[EventType "swiss"]
[EventRounds "5"]
[EventCountry "GGB"]
[SourceTitle "BritBase"]
[Source "www.saund.co.uk"]
[SourceDate "2018.02.10"]
[SourceVersion "1"]
[SourceVersionDate "2018.02.10"]
[SourceQuality "1"]

1. d4 d5 2. c4 e6 3. Nc3 f5 4. cxd5 exd5 5. Bf4 Nf6 6. e3 Bd6 7. Bd3 O-O 8. Qc2
Bxf4 9. exf4 Nc6 10. Nf3 Nb4 11. Qd1 Nxd3+ 12. Qxd3 Qe8+ 13. Ne5 Qh5 14. h4 c6
15. f3 Be6 16. Kf2 Rac8 17. Na4 Rc7 18. Rac1 Bc8 19. g3 Qe8 20. Rhe1 Qh5 21.
Rh1 Qh6 22. b4 a6 23. Nb6 Be6 24. a4 Re7 25. Rce1 Qh5 26. a5 Ne8 27. Qc3 Nc7
28. Qc5 Rfe8 29. Nd3 Nb5 30. Re5 Qf7 31. Rhe1 g6 32. Nc1 Qf6 33. Nb3 h6 34. Qc1
Bf7 35. Rxe7 Rxe7 36. Rxe7 Qxe7 37. Qe1 Qd6 38. Qd2 Qf6 39. Qe3 Qd8 40. Nc5 Nd6
41. Qe5 Kh7 42. Nbd7 Nc4 43. Qf6 Qe8 44. Ne5 Nxe5 45. fxe5 g5 46. Qxf5+ Kg8 47.
hxg5 1-0

[Event "Gibtelecom ChallWk2 6th"]
[Site "Gibraltar"]
[Date "2008.01.27"]
[Round "1.9"]
[White "Bates, Caspar J"]
[Black "Dasaolu, Adeoye"]
[Result "1-0"]
[WhiteElo "2190"]
[BlackElo "2064"]
[PlyCount "129"]
[EventDate "2008.01.27"]
[EventType "swiss"]
[EventRounds "5"]
[EventCountry "GGB"]
[SourceTitle "BritBase"]
[Source "www.saund.co.uk"]
[SourceDate "2018.02.10"]
[SourceVersion "1"]
[SourceVersionDate "2018.02.10"]
[SourceQuality "1"]

1. e4 c5 2. Nc3 e6 3. Nf3 a6 4. d4 cxd4 5. Nxd4 Qc7 6. Bd3 Bb4 7. O-O Nf6 8.
Nb3 d6 9. Bd2 Nbd7 10. a3 Bc5 11. Nxc5 Nxc5 12. Bg5 h6 13. Bh4 g5 14. Bg3 e5
15. Qf3 Qe7 16. Qe3 Be6 17. f3 Nh5 18. Rf2 Nxd3 19. cxd3 Nf4 20. d4 O-O 21. d5
Bd7 22. Qb6 Rab8 23. Rd1 Rfc8 24. Rfd2 Be8 25. Bf2 Qc7 26. Rc1 Qxb6 27. Bxb6
Ba4 28. g3 Ng6 29. Re2 Rc4 30. Ree1 Rbc8 31. Kf2 Nf8 32. Be3 Bb3 33. Nb1 b5 34.
Rxc4 Rxc4 35. Rc1 Nd7 36. Rxc4 Bxc4 37. Nd2 Bd3 38. Ba7 Kf8 39. g4 Bc2 40. Ke3
Ke7 41. Nf1 Nf6 42. Ng3 Ne8 43. Nf5+ Kd7 44. Nxh6 f6 45. Ng8 a5 46. h3 a4 47.
Ke2 Bb3 48. Bf2 Bc4+ 49. Ke1 Kd8 50. h4 gxh4 51. Bxh4 Kd7 52. Kd2 Bf1 53. Ke3
Bc4 54. Bxf6 Nc7 55. Bh4 Na6 56. g5 Ke8 57. Nh6 Nc5 58. g6 Ne6 59. dxe6 Bxe6
60. g7 Kd7 61. g8=Q Bxg8 62. Nxg8 Kc6 63. Nf6 Kc5 64. Kd3 b4 65. Nd5 1-0

[Event "Gibtelecom ChallWk2 6th"]
[Site "Gibraltar"]
[Date "2008.01.27"]
[Round "1.10"]
[White "Schmidt, Jens Uwe"]
[Black "Erdelyi, Tamas"]
[Result "0-1"]
[WhiteElo "2092"]
[BlackElo "2186"]
[PlyCount "82"]
[EventDate "2008.01.27"]
[EventType "swiss"]
[EventRounds "5"]
[EventCountry "GGB"]
[SourceTitle "BritBase"]
[Source "www.saund.co.uk"]
[SourceDate "2018.02.10"]
[SourceVersion "1"]
[SourceVersionDate "2018.02.10"]
[SourceQuality "1"]

1. e4 c5 2. Nc3 Nc6 3. g3 g6 4. Bg2 Bg7 5. d3 d6 6. Be3 Nf6 7. h3 O-O 8. Qd2
Re8 9. Nge2 Rb8 10. f4 Qc7 11. g4 b5 12. O-O b4 13. Nd1 Nd7 14. Ng3 Ba6 15. h4
c4 16. Re1 cxd3 17. cxd3 Nd4 18. Nf2 Qc2 19. Rad1 Rec8 20. Ne2 Qxd2 21. Bxd2
Nc2 22. Rf1 Bxb2 23. Rb1 Ba3 24. Rfd1 Bb5 25. Nc1 a5 26. Ne2 Nc5 27. Bc1 Na4
28. Bxa3 Nxa3 29. Rbc1 e5 30. Kf1 Nc2 31. Kg1 Rc6 32. Rd2 Rbc8 33. Kh2 Nb2 34.
Kg3 a4 35. Kf3 a3 36. Kg3 Ba4 37. fxe5 dxe5 38. Rb1 b3 39. Nc1 bxa2 40. Nxa2
Bb3 41. Nc1 Be6 0-1